000 01000nam a22002175i 4500
001 176726
003 ES-MaACL
005 20230906220153.0
008 110204s1959 fr |||| | fre d
080 _a631.162
245 0 0 _aRole de la comptabilité dans la gestion des exploitations agricoles
_b: projet nº 395/2.
260 _a[Paris] :
_bAgence Européenne de Productivité, Division de l'action technique et de la productivité dans l'agriculture et l'alimentation, Organisation Européenne de Coopération Économique,
_c1959.
300 _a85 p. ;
_c27 cm.
490 1 _aAlimentation et agriculture documentation. Série 1959 ;
_v9
546 _aTexto en francés.
650 0 4 _aAgricultura-
_xContabilidad.
_9145030
710 0 _aOrganización de Cooperación y Desarrollo Económico.
_bAgencia Europea de Productividad.
_96056
830 0 _aAlimentation et agriculture documentation. Série 1959 ;
_v9
_9190202
852 _aES-MaACL
_jE-14186
_xOlim P-969-bis
999 _c176726
_d176726